000 00319 a2200157 4500
001 190787
020 _a
040 _cMagnum
100 _aBueno, Maria Celia
240 1 0 _aMisturando versos
_lpor
245 1 0 _aMisturando versos
300 _a28
362 0 _a1986
697 _aLITERATURA INFANTO
942 _cBK
999 _c190787
_d190787